Toskánska sestra /
Keď sa Lucrezia po takmer 20 rokoch vráti do Toskánska, vie, že musí sestrám povedať, prečo odišla... Skôr než to stihne, zistí, že jej otec zanechal dlhy, ktoré ich môžu stáť dom i celý majetok. Keďže sestry nemajú kam ísť, Lucrezia je odhodlaná zachrániť ich domov. Po stretnutí s Vannim, jej lásko...
Uloženo v:
| Série: | Toskánske sestry,
část 1 |
|---|---|
| Hlavní autor: | |
| Médium: | E-kniha |
| Jazyk: | Czech |
| Vydáno: |
Praha :
Albatros Media Slovakia s.r.o.,
2025
|
| Příbuzné jednotky: | Z cyklu::
Toskánske sestry |
| Tagy: |
Žádné tagy |
| LEADER | 01557nam a22002417i 4500 | ||
|---|---|---|---|
| 001 | 302678 | ||
| 007 | ta | ||
| 008 | 260514s2025 xr ||||| |||| 00| 0 cze d | ||
| 020 | |a 9788056646502 | ||
| 044 | |a xr | ||
| 100 | 1 | |a Sacerdoti, Daniela |4 aut | |
| 245 | 1 | 0 | |a Toskánska sestra / |c Sacerdoti, Daniela |
| 240 | 1 | 0 | |a The Tuscan Sister |
| 264 | 1 | |a Praha : |b Albatros Media Slovakia s.r.o., |c 2025 | |
| 300 | |a 1 online zdroj (272 stran) | ||
| 336 | |a text |b txt |2 rdacontent | ||
| 337 | |a bez média |b n |2 rdamedia | ||
| 338 | |a online zdroj |b cr |2 rdacarrier | ||
| 520 | 2 | |a Keď sa Lucrezia po takmer 20 rokoch vráti do Toskánska, vie, že musí sestrám povedať, prečo odišla... Skôr než to stihne, zistí, že jej otec zanechal dlhy, ktoré ich môžu stáť dom i celý majetok. Keďže sestry nemajú kam ísť, Lucrezia je odhodlaná zachrániť ich domov. Po stretnutí s Vannim, jej láskou z detstva, medzi nimi opäť preskočí iskra. Dokážu spolu zachrániť jej rodný dom? Je všetko, čo si Lucrezia dlhé roky myslela o svojej rodine, lož? | |
| 787 | 0 | 8 | |g 1 |i Z cyklu: |t Toskánske sestry |
| 910 | |a RBIT002 | ||
| 998 | |d 426932 |a https://core.palmknihy.cz/api/books/426932/cover?tesghs |b https://core.palmknihy.cz/api/books/426932/cover/400?tesghs |c https://core.palmknihy.cz/api/books/426932/cover/50?tesghs |e 2029-05-30 |g 272 |i 9788056646502 |j https://core.palmknihy.cz/api/books/426932/preview.epub |k https://core.palmknihy.cz/api/books/426932/preview.pdf |l |q 49 |r 1 |s https://www.palmknihy.cz/kniha/426932 |t ebook |y 2025 |z 1 |v Toskánske sestry |w 1 | ||
| 999 | |d 302676 | ||